000
00287nam a22001337a 4500
008
170620b xxu||||| |||| 00| 0 eng d
020
_a
03.0.1101
041
_a
eng
080
_a
94
100
_a
16
101
_a
SHH
245
_a
EARLY CHRISTIAN IRELAND
_c
PAOR,L.D
942
_2
udc
_c
BK
999
_c
18210
_d
18210